00544nam a2200169Ia 450000500170000000800410001702000150005808200130007310000130008624500350009926000380013430000130017250000730018594200060025895200950026499900150035920250408013635.0240331s9999 xx 000 0 und d a0861259742 bKARa100 aKarwe, I 0aYuganta :boru yugattin mutivu aChennaibOrient Longman Ltdc1994 a229 p ., aMaha Bharatham matrum athan pathirangal patriya pugal petra puthagam cL 001040708LaWERCLbWERCLcSSCd2024-03-31l0o 100 KARp3921r2024-03-31w2024-03-31yL c1357d1357